| 000 | 00632nam a2200241Ia 4500 | ||
|---|---|---|---|
| 001 | 9569 | ||
| 003 | GE_BSU | ||
| 008 | 181216s||||||||xx |||||||||||||| ||und|| | ||
| 020 | _a9785991626903 | ||
| 040 | _cGE_BSU | ||
| 080 | _a547(075.8) | ||
| 100 | _aЩукин,Е.Д.Перцов,А.В. Амелина,Е. | ||
| 245 | _aКоллоидная химия | ||
| 245 | _bУч-к для бакалавров | ||
| 250 | _a7-е издание | ||
| 260 | _aМосква | ||
| 260 | _bЮрайт | ||
| 260 | _c2013 | ||
| 300 | _a444стр.20см. | ||
| 541 | _h70л. | ||
| 653 | _aКоллоидная химия | ||
| 942 | _cBK | ||
| 999 |
_c42861 _d42861 |
||